Pays qui commencent par la lettre L - Statistiques

Statistiques générales
  • Ce quiz a été pris 1 501 fois
  • Le résultat moyen est 8 sur 9
Statistiques - réponses
Continent Pays % Correct
Europe Lituanie
98%
Europe Lettonie
95%
Europe Luxembourg
86%
Asie Laos
82%
Asie Liban
82%
Afrique Libye
82%
Europe Liechtenstein
82%
Afrique Lesotho
76%
Afrique Liberia
70%
Aucun quiz correspondant
Distribution des résultats
% des personnes avec chaque résultat
Percentile par nombre de réponses
Votre historique - résultats
Vous n’avez pas pris ce quiz